Социально-психологический контекст целеполагания субъекта; Известия Томского политехнического университета [Известия ТПУ]; Т. 319, № 6 : Экономика. Философия, социология и культурология
| Parent link: | Известия Томского политехнического университета [Известия ТПУ]/ Томский политехнический университет (ТПУ).— , 2000- Т. 319, № 6 : Экономика. Философия, социология и культурология.— 2011.— [С. 157-162] |
|---|---|
| 1. Verfasser: | |
| Weitere Verfasser: | |
| Zusammenfassung: | Заглавие с титульного листа Электронная версия печатной публикации Целеполагание, проанализированное с точки зрения философского и психологического подходов, рассматривается как междисциплинарная категория, ориентир для человека, позволяющий ему успешно социализироваться, выстраивать свое будущее. |
| Sprache: | Russisch |
| Veröffentlicht: |
2011
|
| Schriftenreihe: | Философия, социология и культурология |
| Schlagworte: | |
| Online-Zugang: | http://www.lib.tpu.ru/fulltext/v/Bulletin_TPU/2011/v319/i6/33.pdf |
| Format: | MixedMaterials Elektronisch Buchkapitel |
| KOHA link: | https://koha.lib.tpu.ru/cgi-bin/koha/opac-detail.pl?biblionumber=206635 |
MARC
| LEADER | 00000nla2a2200000 4500 | ||
|---|---|---|---|
| 001 | 206635 | ||
| 005 | 20240221100644.0 | ||
| 035 | |a (RuTPU)RU\TPU\book\225267 | ||
| 035 | |a RU\TPU\book\225265 | ||
| 090 | |a 206635 | ||
| 100 | |a 20120113d2011 k y0rusy50 ca | ||
| 101 | 0 | |a rus | |
| 102 | |a RU | ||
| 135 | |a drnn ---uucaa | ||
| 181 | 0 | |a i | |
| 182 | 0 | |a b | |
| 200 | 1 | |a Социально-психологический контекст целеполагания субъекта |f Т. В. Конюхова, Е. Т. Конюхова | |
| 203 | |a Текст |c электронный | ||
| 215 | |a 1 файл (93 Кб) | ||
| 225 | 1 | |a Философия, социология и культурология | |
| 300 | |a Заглавие с титульного листа | ||
| 300 | |a Электронная версия печатной публикации | ||
| 320 | |a [Библиогр.: с. 162 (18 назв.)] | ||
| 330 | |a Целеполагание, проанализированное с точки зрения философского и психологического подходов, рассматривается как междисциплинарная категория, ориентир для человека, позволяющий ему успешно социализироваться, выстраивать свое будущее. | ||
| 337 | |a Adobe Reader | ||
| 461 | 1 | |0 (RuTPU)RU\TPU\book\176237 |t Известия Томского политехнического университета [Известия ТПУ] |f Томский политехнический университет (ТПУ) |d 2000- | |
| 463 | 1 | |0 (RuTPU)RU\TPU\book\225101 |x 1684-8519 |t Т. 319, № 6 : Экономика. Философия, социология и культурология |v [С. 157-162] |d 2011 |p 203 с. | |
| 610 | 1 | |a целеполагание | |
| 610 | 1 | |a цели | |
| 610 | 1 | |a социализация | |
| 610 | 1 | |a социально-психологические установки | |
| 610 | 1 | |a самоэффективность | |
| 610 | 1 | |a копинг-стратегии | |
| 610 | 1 | |a поведение | |
| 610 | 1 | |a субъекты | |
| 610 | 1 | |a труды учёных ТПУ | |
| 610 | 1 | |a электронный ресурс | |
| 700 | 1 | |a Конюхова |b Т. В. |c философ |c доцент Томского политехнического университета, кандидат философских наук |f 1980- |g Татьяна Васильевна |3 (RuTPU)RU\TPU\pers\25558 |9 11488 | |
| 701 | 1 | |a Конюхова |b Е. Т. | |
| 801 | 1 | |a RU |b 63413507 |c 20090623 |g PSBO | |
| 801 | 2 | |a RU |b 63413507 |c 20211229 |g PSBO | |
| 856 | 4 | |u http://www.lib.tpu.ru/fulltext/v/Bulletin_TPU/2011/v319/i6/33.pdf | |
| 942 | |c CF | ||